| 000 | 01777nam a2200361 a 4500 | ||
|---|---|---|---|
| 001 | 000020380 | ||
| 003 | DO-SdBNP | ||
| 005 | 20180309131410.0 | ||
| 007 | 000020380 | ||
| 008 | 150130s2014 dr ac 000 0 spa d | ||
| 020 | _a9789945118377 (v.1) | ||
| 020 | _a9789945118148 (v.2) | ||
| 040 |
_aBPMSU _bspa _cBPMSU |
||
| 092 |
_a373.7 _bM722m 3ro. 2013-2014 |
||
| 100 | 1 | _aMolina Moloon, Andrés | |
| 245 | 1 | 0 |
_aMatemáticas 3 : _beducación media / _cAndrés Molina Moloon ; Víctor Liriano; Altagracia Santos |
| 260 |
_aSanto Domingo : _bSantillana, _c2013-2014. |
||
| 300 |
_a2v. : _bil., retrs. ; _c28 cm. + _eCD-ROM |
||
| 490 | 1 | _aInnova | |
| 505 | 1 |
_gv.3. : 1er. grado / 2do. ciclo -- _gPrimero semestre -- _tSistemas de ecuaciones -- _tSistemas de inecuaciones -- _tVectores -- _tMatrices y determinantes -- _tAprender a emprender -- _tLa recta en el plano -- _tEstudio de las funciones -- _tSecciones cónicas -- _tAprender a emprender -- _gSegund semestre -- _tLa circunferencia. Ángulos y arcos -- _tÁreas de figuras planas -- _tLa función exponencial -- _tLa función logarítmica -- _tAprender a emprender -- _tEcuaciones exponenciales y logarítmicas -- _tLas funciones trigonométricas -- _tGeometría del espacio -- _tAprender a emprender -- |
|
| 650 |
_aMATEMATICAS _xENSEÑANZA SECUNDARIA |
||
| 650 |
_aEDUCACIÓN SECUNDARIA _xREPÚBLICA DOMINICANA |
||
| 650 |
_aMATEMÁTICAS _xLIBROS DE TEXTOS |
||
| 650 |
_aMATEMÁTICAS _xESTUDIOS Y EJERCICIOS |
||
| 700 | 1 | 2 | _aLiriano, Víctor |
| 700 | 1 | 2 | _aSantos, Altagracia. |
| 830 | 0 | _aInnova | |
| 910 | _aValidado. Control de calidad MFF | ||
| 942 |
_2ddc _cBK |
||
| 945 | _aRemanejado para la BNPHU / 2018 BT | ||
| 956 |
_aYLOCKWARD _b10 _c20150702 _lBND01 _h1304 |
||
| 956 |
_aVMATEO _b10 _c20150706 _lBPMSU _h00151 |
||
| 999 |
_c9617 _d9617 |
||